| 000 | 00858nam a2200229 a 4500 | ||
|---|---|---|---|
| 001 | 44277 | ||
| 003 | BD-RjUL | ||
| 005 | 20211209053829.0 | ||
| 008 | 160716s1962 ii ||||| |||| 00| 0 ben d | ||
| 035 | _a(BD-RjUL)44395 | ||
| 040 |
_aBD-RjUL _bben _cBD-RjUL _dBD-RjUL |
||
| 041 | _aben | ||
| 082 |
_223 _a891.451 _bKUM 1962 |
||
| 100 |
_aকুমার _9135941 |
||
| 245 | 1 | 0 |
_aমুকুন্দরামের কবি কঙ্কণ-চন্ডী / _cকুমার ও বিশ্বপতি |
| 260 |
_aকলকাতা : _bকলিকাতা বিশ্ববিদ্যালয়, _c১৯৬২ |
||
| 300 |
_a[৮], ৪৫৩ পৃ. ; _c২২ সেমি. |
||
| 650 |
_aআসামী সাহিত্য _9123088 |
||
| 650 |
_aAssames Literature _9123089 |
||
| 700 |
_aবিশ্বপতি _9118566 |
||
| 942 |
_2ddc _cBK _01 |
||
| 999 |
_c44277 _d44277 |
||